[Event "IECC KO-1066"]
[Site "IECC email"]
[Date "2007.05.14"]
[Round "?"]
[White "Buckle, Rodney"]
[Black "Trocme, Pierre"]
[Result "0-1"]
[WhiteElo "1066"]
[BlackElo "1195"]
[PlyCount "77"]
[EventDate "2007.??.??"]
[EventType "match (corr)"]
[EventRounds "2"]
[SourceTitle "Corr 2011"]
[Source "ChessBase"]
[SourceDate "2010.08.31"]
[SourceVersion "1"]
[SourceVersionDate "2010.08.31"]
[SourceQuality "1"]
[WhiteTeam "Italy"]
[BlackTeam "Chile"]
[WhiteTeamCountry "ITA"]
[BlackTeamCountry "CHI"]

1. e4 e6 2. Nf3 d5 3. e5 c5 4. Be2 Nc6 5. 0-0 Nge7 6. Nc3 Ng6 7. Bb5 Bd7 8. Bxc6 Bxc6 9. d4 Qc7 10. Re1 cxd4 11. Nxd4 Bc5 12. Be3 Be7 13. Ndb5 Bxb5 14. Nxb5 Qd7 15. Nxa7 b6 16. Bxb6 Rxa7 17. Bxa7 Qxa7 18. a4 0-0 19. c3 Rc8 20. Qe2 Rc4 21. a5 Bd8 22. a6 Bc7 23. Qe3 Bb6 24. Qd2 Rf4 25. Re2 Rf5 26. b4 Rxe5 27. Rxe5 Nxe5 28. h3 Nc4 29. Qf4 h6 30. h4 e5 31. Qf5 Nd6 32. Qxe5 Ne4 33. h5 Nxf2 34. Kf1 Ng4 35. Qe8+ Kh7 36. Qe2 Ne3+ 37. Ke1 Qb8 38. Kd2 Kg8 39. Qf3 0-1

[Event "IECC KO-1047"]
[Site "IECC email"]
[Date "2004.06.10"]
[Round "?"]
[White "Trocme, Pierre"]
[Black "Prasad, Vijay Johnson"]
[Result "0-1"]
[WhiteElo "1194"]
[BlackElo "1031"]
[PlyCount "26"]
[EventDate "2004.??.??"]
[EventType "match (corr)"]
[EventRounds "2"]
[SourceTitle "Corr 2020"]
[Source "ChessBase"]
[SourceDate "2019.09.30"]
[SourceVersion "1"]
[SourceVersionDate "2019.09.30"]
[SourceQuality "1"]
[WhiteTeam "France"]
[BlackTeam "India"]
[WhiteTeamCountry "FRA"]
[BlackTeamCountry "IND"]

1. e4 c6 2. Nc3 d5 3. Nf3 Nf6 4. e5 Ne4 5. Ne2 Bg4 6. h3 Bxf3 7. gxf3 Nc5 8. d4 Ncd7 9. e6 fxe6 10. Nf4 Kf7 11. Qe2 e5 12. dxe5 e6 13. Bd2 Na6 0-1

[Event "IECC TH-M-2435"]
[Site "IECC email"]
[Date "2004.06.09"]
[Round "?"]
[White "Trocme, Pierre"]
[Black "Sadler, Craig"]
[Result "0-1"]
[WhiteElo "1136"]
[BlackElo "1434"]
[PlyCount "24"]
[EventDate "2004.??.??"]
[EventType "tourn (corr)"]
[SourceTitle "Corr 2020"]
[Source "ChessBase"]
[SourceDate "2019.09.30"]
[SourceVersion "1"]
[SourceVersionDate "2019.09.30"]
[SourceQuality "1"]
[WhiteTeam "France"]
[BlackTeam "Canada"]
[WhiteTeamCountry "FRA"]
[BlackTeamCountry "CAN"]

1. e4 e5 2. Nf3 Nc6 3. Bb5 a6 4. Bxc6 dxc6 5. 0-0 f6 6. d4 Bg4 7. dxe5 Qxd1 8. Rxd1 fxe5 9. Rd3 Bd6 10. Nbd2 b5 11. b3 Ne7 12. Bb2 Ng6 0-1